Το Ψυχοθεραπευτικό Ταξίδι / Από το Φόβο της Σκιάς, στο Φώς της Επίγνωσης: Τέταρτη Έκδοση (Record no. 3241)
[ view plain ]
| 000 -LEADER | |
|---|---|
| fixed length control field | 02201cam a22002054a 4500 |
| 005 - ΗΜΕΡΟΜΗΝΙΑ ΚΑΙ ΩΡΑ ΤΕΛΕΥΤΑΙΑΣ ΕΝΗΜΕΡΩΣΗΣ | |
| Πεδίο ελέγχου | 20260114112530.0 |
| 008 - FIXED-LENGTH DATA ELEMENTS--GENERAL INFORMATION | |
| Πεδίο ελέγχου σταθερού μήκους | 250528s ||||||||||||||||||||||||d |
| 035 ## - SYSTEM CONTROL NUMBER | |
| System control number | 17841 |
| 020 ## - ISBN | |
| ISBN | 9786185067496 |
| 040 ## - ΠΗΓΗ ΚΑΤΑΛΟΓΟΓΡΑΦΗΣΗΣ | |
| Φορέας πρωτότυπης καταλογογράφησης | MC Athens Campus Library |
| Γλώσσα καταλογογράφησης | Ελληνικά, Μοντέρνα (1453-) |
| Modifying agency | MC Athens Campus Library |
| Κανόνες περιγραφικής καταλογογράφησης | AACR2 |
| 245 1# - ΤΙΤΛΟΣ ΚΑΙ ΔΗΛΩΣΗ ΥΠΕΥΘΥΝΟΤΗΤΑΣ | |
| Τίτλος | Το Ψυχοθεραπευτικό Ταξίδι / Από το Φόβο της Σκιάς, στο Φώς της Επίγνωσης: Τέταρτη Έκδοση |
| 250 ## - EDITION STATEMENT | |
| Edition statement | 4η |
| 260 ## - PUBLICATION, DISTRIBUTION, ETC. | |
| Name of publisher, distributor, etc. | Iwrite Publications, |
| Date of publication, distribution, etc. | 2017 |
| 300 ## - PHYSICAL DESCRIPTION | |
| Extent | 306 |
| 520 ## - SUMMARY, ETC. | |
| Summary, etc. | Το παρόν βιβλίο ξεχωρίζει επειδή δε μένει σε ακαδημαϊκούς όρους και ξύλινες συνταγές, αλλά καταδύεται στο επίκεντρο των αγκυλώσεων και των νευρώνων μας για να ρίξει φως στα όσα μας καθηλώνουν, φωτίζοντας παράλληλα τις λύσεις που δεν μπορούμε άλλο να αναβάλλουμε. Πρόλογος, Εισαγωγή, Μοιράσματα Αυτογνωσίας, Στιγμές Ξαφνιάσματος από την Ψυχοθεραπεία, Απαντήσεις επί της Ψυχοθεραπευτικής Διαδικασίας, Οικογενειακές Υποθέσεις (Συνεξάρτηση - Υπερπροστασία - Ενηλικίωση), Κατάθλιψη, Κατανόηση και Εμπιστοσύνη και Αυτοπαράδοση στην Ψυχοθεραπεία, Ο Φόβος στις Συντροφικές Σχέσεις, Από το Φόβο της Σκιάς στο Φως της Επίγνωσης, Ψυχοθεραπεία και Εξυγίανση: Φόβος της Ανατροπής, Ο Φόβος και ο Θυμός ως Αγαπητικά Αιτήματα στις Σχέσεις, Με Αφορμή τη Θεραπευτική Διαδικασία, Το Εσωτερικό Παιδί και η Ψυχική Υγεία, Εξομολογήσεις Ενός Ψυχοθεραπευτή, Αντί Επιλόγου. |
| 700 1# - ΠΡΟΣΘΕΤΗ ΑΝΑΓΡΑΦΗ--ΦΥΣΙΚΟ ΠΡΟΣΩΠΟ | |
| Personal name | Βασιλειάδης, Γρηγόρης |
| 9 (RLIN) | 4125 |
| 942 ## - ADDED ENTRY ELEMENTS (KOHA) | |
| Koha item type | Books |
| Τύπος τεκμηρίου | Βιβλιοθήκη | Τρέχουσα τοποθεσία | Barcode | Αριθμός εισαγωγής | Ημερομηνία απόκτησης | Ταξιθετικό σύμβολο | Αριθμός αντιτύπου | Κατάσταση απόσυρσης | Κατάσταση χαμένου | Κατάσταση κατεστραμμένου | Μη δανεισμός | Σύνολο δανεισμών | Ημερομηνία τελευταίας εμφάνισης | Η τιμή ισχύει από |
|---|---|---|---|---|---|---|---|---|---|---|---|---|---|---|
| Books | MC Athens Campus Library | MC Athens Campus Library | 9780000032409 | 7303 | 05/06/2025 | 616.809495 VAS | 1 | 05/06/2025 | 05/06/2025 |